[Event "26th Abu Dhabi Master 2019"]
[Site "Abu Dhabi"]
[Date "2019.08.08"]
[Round "7.40"]
[White "Laxman, R.R."]
[Black "Tarini Goyal"]
[Result "1-0"]
[WhiteElo "2429"]
[BlackElo "2038"]
[Annotator "NA"]
[PlyCount "152"]
[EventDate "2019.08.02"]
[EventType "swiss"]
[EventCountry "UAE"]
[SourceTitle "playchess.com"]
[Source "ChessBase"]
[SourceQuality "1"]
[TimeControl "5400+30"]

1. d4 {[%emt 0:00:00]} Nf6 {[%emt 0:00:00]} 2. Nf3 {[%emt 0:00:00]} d5 {[%emt 0:00:00]} 3. c4 {[%emt 0:00:00]} e6 {[%emt 0:00:05]} 4. g3 {[%emt 0:00:04]} dxc4 {[%emt 0:00:33]} 5. Bg2 {[%emt 0:00:11]} Nc6 {[%emt 0:00:13]} 6. Qa4 {[%emt 0:00:09]} Bb4+ {[%emt 0:00:47]} 7. Bd2 {[%emt 0:00:07]} Nd5 {[%emt 0:00:23]} 8. Bxb4 {[%emt 0:00:11]} Ndxb4 {[%emt 0:00:06]} 9. O-O {[%emt 0:00:35]} Bd7 {[%emt 0:20:09]} 10. Ne5 {[%emt 0:01:42]} a5 {[%emt 0:13:24]} 11. Nxd7 {[%emt 0:01:04]} Qxd7 {[%emt 0:00:06]} 12. Nc3 {[%emt 0:00:24]} O-O {[%emt 0:04:28]} 13. a3 {[%emt 0:02:00]} Nd5 {[%emt 0:03:10]} 14. Qxc4 {[%emt 0:00:08]} Nce7 {[%emt 0:09:22]} 15. Ne4 {[%emt 0:01:16]} c6 {[%emt 0:06:09]} 16. Nc5 {[%emt 0:00:41]} Qc7 {[%emt 0:00:21]} 17. Rfd1 {[%emt 0:00:23]} Rfd8 {[%emt 0:02:28]} 18. Rac1 {[%emt 0:00:25]} Qb6 {[%emt 0:05:43]} 19. b3 {[%emt 0:03:06]} Rac8 {[%emt 0:05:21]} 20. Bf1 {[%emt 0:01:29]} Qa7 {[%emt 0:03:08]} 21. e3 {[%emt 0:03:34]} g6 {[%emt 0:03:11]} 22. b4 {[%emt 0:07:17]} axb4 {[%emt 0:00:42]} 23. axb4 {[%emt 0:00:02]} Nf5 {[%emt 0:04:45]} 24. Qb3 {[%emt 0:01:43]} Nd6 {[%emt 0:01:11]} 25. Ra1 {[%emt 0:00:46]} Qb8 {[%emt 0:03:48]} 26. Rdc1 {[%emt 0:01:32]} Nc7 {[%emt 0:02:17]} 27. Qb2 {[%emt 0:01:45]} Ncb5 {[%emt 0:03:47]} 28. Qb3 {[%emt 0:03:14]} Qc7 {[%emt 0:01:38]} 29. h4 {[%emt 0:00:30]} Qe7 {[%emt 0:01:23]} 30. Qa2 {[%emt 0:01:41]} h5 {[%emt 0:00:51]} 31. Bd3 {[%emt 0:01:01]} Kg7 {[%emt 0:02:46]} 32. Qb2 {[%emt 0:00:21]} Qf6 {[%emt 0:01:20]} 33. Kg2 {[%emt 0:01:37]} Kg8 {[%emt 0:00:53]} 34. Rc2 {[%emt 0:01:19]} Qg7 {[%emt 0:01:04]} 35. Rac1 {[%emt 0:00:17]} Ra8 {[%emt 0:00:18]} 36. Nb3 {[%emt 0:01:48]} Ra4 {[%emt 0:00:54]} 37. Na5 {[%emt 0:00:26]} Ra8 {[%emt 0:00:54]} 38. Rd2 {[%emt 0:02:01]} Qf8 {[%emt 0:00:35]} 39. e4 {[%emt 0:02:17]} Nc8 {[%emt 0:00:38]} 40. Rb1 {[%emt 0:00:49]} Qe7 41. d5 {[%emt 0:00:35]} exd5 {[%emt 0:00:44]} 42. exd5 {[%emt 0:00:02]} Ncd6 {[%emt 0:00:29]} 43. Re2 {[%emt 0:00:28]} Qc7 {[%emt 0:00:30]} 44. dxc6 {[%emt 0:00:11]} bxc6 {[%emt 0:00:19]} 45. Rbe1 {[%emt 0:00:25]} Qb6 {[%emt 0:01:02]} 46. Bxg6 {[%emt 0:00:13]} fxg6 {[%emt 0:00:19]} 47. Qb3+ {[%emt 0:00:11]} Kh8 {[%emt 0:00:13]} 48. Qxa4 {[%emt 0:00:14]} Nc3 {[%emt 0:00:21]} 49. Qc2 {[%emt 0:00:28]} Nxe2 {[%emt 0:00:19]} 50. Rxe2 {[%emt 0:00:20]} Nf5 {[%emt 0:01:07]} 51. Qc3+ {[%emt 0:00:24]} Kh7 {[%emt 0:00:15]} 52. Qf6 {[%emt 0:02:32]} Qxb4 {[%emt 0:00:59]} 53. Nxc6 {[%emt 0:02:03]} Qb7 {[%emt 0:00:16]} 54. Re6 {[%emt 0:00:51]} Rg8 {[%emt 0:00:15]} 55. Kh2 {[%emt 0:00:21]} Qg7 {[%emt 0:00:11]} 56. Qg5 {[%emt 0:00:38]} Qh6 {[%emt 0:00:20]} 57. Ne5 {[%emt 0:01:28]} Qxg5 {[%emt 0:00:10]} 58. hxg5 {[%emt 0:00:02]} Rg7 {[%emt 0:01:07]} 59. f4 {[%emt 0:00:09]} Ne3 {[%emt 0:00:43]} 60. Kh3 {[%emt 0:00:37]} Ng4 {[%emt 0:00:11]} 61. Nxg4 {[%emt 0:00:18]} hxg4+ {[%emt 0:00:06]} 62. Kxg4 {[%emt 0:00:02]} Ra7 {[%emt 0:00:13]} 63. Kf3 {[%emt 0:00:09]} Kg7 {[%emt 0:00:12]} 64. g4 {[%emt 0:00:05]} Ra5 {[%emt 0:02:07]} 65. Re7+ {[%emt 0:00:10]} Kf8 {[%emt 0:00:04]} 66. Rd7 {[%emt 0:00:10]} Ra1 {[%emt 0:00:42]} 67. Rd4 {[%emt 0:00:30]} Rg1 {[%emt 0:00:34]} 68. Ra4 {[%emt 0:03:34]} Kg7 {[%emt 0:00:38]} 69. Ke4 {[%emt 0:00:50]} Rxg4 {[%emt 0:00:38]} 70. Ke5 {[%emt 0:00:04]} Rh4 {[%emt 0:00:22]} 71. Ra7+ {[%emt 0:00:10]} Kg8 {[%emt 0:00:21]} 72. Rd7 {[%emt 0:00:48]} Rg4 {[%emt 0:00:16]} 73. Rb7 {[%emt 0:00:21]} Rh4 {[%emt 0:00:05]} 74. Rc7 {[%emt 0:00:05]} Rg4 {[%emt 0:00:07]} 75. Rd7 {[%emt 0:00:03]} Rh4 {[%emt 0:00:07]} 76. Kf6 {[%emt 0:00:00]} Rg4 {[%emt 0:01:21]} 1-0

[Event "26th Abu Dhabi Master 2019"]
[Site "Abu Dhabi"]
[Date "2019.08.08"]
[Round "7.41"]
[White "Senthil Maran K"]
[Black "Sammed Jaykumar, Shete"]
[Result "1/2-1/2"]
[WhiteElo "2222"]
[BlackElo "2416"]
[Annotator "NA"]
[PlyCount "69"]
[EventDate "2019.08.02"]
[EventType "swiss"]
[EventCountry "UAE"]
[SourceTitle "playchess.com"]
[Source "ChessBase"]
[SourceQuality "1"]
[TimeControl "5400+30"]

1. d4 {[%emt 0:04:16]} Nf6 {[%emt 0:00:00]} 2. Nf3 {[%emt 0:00:12]} c5 {[%emt 0:02:17]} 3. c4 {[%emt 0:00:19]} cxd4 {[%emt 0:02:08]} 4. Nxd4 {[%emt 0:00:13]} b6 {[%emt 0:00:30]} 5. Nc3 {[%emt 0:02:09]} Bb7 {[%emt 0:00:08]} 6. Bf4 {[%emt 0:07:02]} d6 {[%emt 0:06:34]} 7. Nf3 {[%emt 0:01:31]} Nbd7 {[%emt 0:05:42]} 8. h3 {[%emt 0:06:20]} g6 {[%emt 0:01:09]} 9. e3 {[%emt 0:00:43]} Bg7 {[%emt 0:00:18]} 10. Rc1 {[%emt 0:00:27]} Ne4 {[%emt 0:06:39]} 11. Nxe4 {[%emt 0:03:11]} Bxe4 {[%emt 0:00:09]} 12. Qd2 {[%emt 0:00:45]} Bxf3 {[%emt 0:03:54]} 13. gxf3 {[%emt 0:00:11]} O-O {[%emt 0:05:58]} 14. Bg2 {[%emt 0:03:55]} Rc8 {[%emt 0:05:20]} 15. O-O {[%emt 0:00:51]} Qc7 {[%emt 0:11:35]} 16. b3 {[%emt 0:02:35]} Nc5 {[%emt 0:02:26]} 17. Bg3 {[%emt 0:02:06]} a5 {[%emt 0:04:47]} 18. f4 {[%emt 0:01:09]} f5 {[%emt 0:00:31]} 19. Bh4 {[%emt 0:02:34]} h6 {[%emt 0:04:01]} 20. Kh1 {[%emt 0:02:00]} Kh7 {[%emt 0:01:18]} 21. Rg1 {[%emt 0:00:21]} Bf6 {[%emt 0:02:20]} 22. Bxf6 {[%emt 0:08:18]} Rxf6 {[%emt 0:00:04]} 23. Bf3 {[%emt 0:00:53]} Rg8 {[%emt 0:01:02]} 24. Rg3 {[%emt 0:00:59]} e5 {[%emt 0:01:05]} 25. Bd5 {[%emt 0:07:13]} Rg7 {[%emt 0:00:17]} 26. f3 {[%emt 0:00:49]} g5 {[%emt 0:03:08]} 27. Rcg1 {[%emt 0:01:30]} Rfg6 {[%emt 0:00:13]} 28. h4 {[%emt 0:05:51]} gxh4 {[%emt 0:06:38]} 29. Rxg6 {[%emt 0:00:51]} Rxg6 {[%emt 0:00:06]} 30. Rxg6 {[%emt 0:00:14]} Kxg6 {[%emt 0:00:04]} 31. Qg2+ {[%emt 0:01:25]} Kf6 {[%emt 0:00:06]} 32. Qh3 {[%emt 0:00:43]} exf4 {[%emt 0:15:58]} 33. exf4 {[%emt 0:04:20]} Kg6 {[%emt 0:03:19]} 34. Qg2+ {[%emt 0:07:56]} Kf6 {[%emt 0:00:06]} 35. Qb2+ {[%emt 0:00:17] Ke5} 1/2-1/2

[Event "26th Abu Dhabi Master 2019"]
[Site "Abu Dhabi"]
[Date "2019.08.08"]
[Round "7.42"]
[White "Ilyasli, Ughur"]
[Black "Ni, Shiqun"]
[Result "1-0"]
[WhiteElo "2104"]
[BlackElo "2407"]
[Annotator "NA"]
[PlyCount "69"]
[EventDate "2019.08.02"]
[EventType "swiss"]
[EventCountry "UAE"]
[SourceTitle "playchess.com"]
[Source "ChessBase"]
[SourceQuality "1"]
[TimeControl "5400+30"]

1. c4 {[%emt 0:00:00]} c5 {[%emt 0:03:18]} 2. Nc3 {[%emt 0:02:25]} Nc6 {[%emt 0:00:05]} 3. g3 {[%emt 0:01:16]} g6 {[%emt 0:00:07]} 4. Bg2 {[%emt 0:00:04]} Bg7 {[%emt 0:00:07]} 5. e3 {[%emt 0:01:14]} d6 {[%emt 0:07:19]} 6. Nge2 {[%emt 0:01:22]} Nf6 {[%emt 0:01:15]} 7. O-O {[%emt 0:06:05]} O-O {[%emt 0:00:14]} 8. a3 {[%emt 0:03:40]} Bf5 {[%emt 0:02:54]} 9. d3 {[%emt 0:02:32]} Qd7 {[%emt 0:06:53]} 10. Re1 {[%emt 0:00:44]} Bh3 {[%emt 0:00:47]} 11. Bh1 {[%emt 0:00:33]} e5 {[%emt 0:00:11]} 12. b4 {[%emt 0:15:34]} cxb4 {[%emt 0:02:29]} 13. axb4 {[%emt 0:00:02]} Nxb4 {[%emt 0:00:08]} 14. Ba3 {[%emt 0:00:02]} Nc6 {[%emt 0:04:57]} 15. Nb5 {[%emt 0:00:27]} Ne8 {[%emt 0:00:05]} 16. Nec3 {[%emt 0:00:50]} a6 {[%emt 0:03:58]} 17. Nd5 {[%emt 0:02:02]} Rb8 {[%emt 0:17:34]} 18. Nbc3 {[%emt 0:00:13]} Be6 {[%emt 0:01:17]} 19. Rb1 {[%emt 0:02:14]} f5 {[%emt 0:00:34]} 20. Rb6 {[%emt 0:03:22]} Nc7 {[%emt 0:05:43]} 21. Nxc7 {[%emt 0:05:00]} Qxc7 {[%emt 0:00:02]} 22. Nd5 {[%emt 0:00:06]} Qd7 {[%emt 0:08:26]} 23. Qb3 {[%emt 0:00:57]} f4 {[%emt 0:02:50]} 24. exf4 {[%emt 0:05:31]} exf4 {[%emt 0:01:42]} 25. Nxf4 {[%emt 0:01:24]} Nd4 {[%emt 0:01:01]} 26. Qb1 {[%emt 0:02:22]} Rxf4 {[%emt 0:02:27]} 27. gxf4 {[%emt 0:02:27]} Bh3 {[%emt 0:02:48]} 28. Bd5+ {[%emt 0:00:05]} Kh8 {[%emt 0:00:04]} 29. Kh1 {[%emt 0:00:24]} Qg4 30. Rxb7 {[%emt 0:04:25]} Rf8 {[%emt 0:05:47]} 31. Rxg7 {[%emt 0:01:34]} Kxg7 {[%emt 0:02:52]} 32. Bxd6 {[%emt 0:00:05]} Rd8 {[%emt 0:02:51]} 33. Be5+ {[%emt 0:04:50]} Kh6 {[%emt 0:00:05]} 34. Rg1 {[%emt 0:00:07]} Qe2 {[%emt 0:03:36]} 35. Rg3 1-0

[Event "26th Abu Dhabi Master 2019"]
[Site "Abu Dhabi"]
[Date "2019.08.08"]
[Round "7.43"]
[White "Eynullayev, Altay"]
[Black "Mendonca, Leon Luke"]
[Result "1/2-1/2"]
[WhiteElo "2188"]
[BlackElo "2401"]
[Annotator "NA"]
[PlyCount "38"]
[EventDate "2019.08.02"]
[EventType "swiss"]
[EventCountry "UAE"]
[SourceTitle "playchess.com"]
[Source "ChessBase"]
[SourceQuality "1"]
[TimeControl "5400+30"]

1. d4 {[%emt 0:00:00]} Nf6 {[%emt 0:00:00]} 2. c4 {[%emt 0:00:00]} e6 {[%emt 0:00:00]} 3. g3 {[%emt 0:00:00]} Bb4+ {[%emt 0:00:00]} 4. Nd2 {[%emt 0:01:06]} O-O {[%emt 0:00:44]} 5. Bg2 {[%emt 0:00:22]} d5 {[%emt 0:00:20]} 6. Ngf3 {[%emt 0:00:40]} b6 {[%emt 0:00:38]} 7. cxd5 {[%emt 0:00:59]} exd5 {[%emt 0:00:24]} 8. O-O {[%emt 0:00:08]} Bb7 {[%emt 0:00:22]} 9. Qb3 {[%emt 0:00:25]} Bd6 {[%emt 0:08:09]} 10. Nb1 {[%emt 0:00:16]} Re8 {[%emt 0:14:46]} 11. Nc3 {[%emt 0:00:09]} c6 {[%emt 0:04:11]} 12. Bf4 {[%emt 0:03:26]} Bxf4 {[%emt 0:05:44]} 13. gxf4 {[%emt 0:00:06]} Na6 {[%emt 0:00:46]} 14. e3 {[%emt 0:11:13]} Qe7 {[%emt 0:10:35]} 15. Rfd1 {[%emt 0:06:50]} c5 {[%emt 0:11:51]} 16. Qa4 {[%emt 0:22:39]} Nc7 {[%emt 0:09:42]} 17. dxc5 {[%emt 0:13:58]} bxc5 {[%emt 0:00:35]} 18. Ne5 {[%emt 0:00:06]} Reb8 {[%emt 0:14:27]} 19. Qa3 {[%emt 0:04:33]} d4 {[%emt 0:03:09]} 1/2-1/2

[Event "26th Abu Dhabi Master 2019"]
[Site "Abu Dhabi"]
[Date "2019.08.08"]
[Round "7.44"]
[White "Lee, Jun Hyeok"]
[Black "Paramzina, Anastasya"]
[Result "1-0"]
[WhiteElo "2383"]
[BlackElo "2300"]
[Annotator "NA"]
[PlyCount "47"]
[EventDate "2019.08.02"]
[EventType "swiss"]
[EventCountry "UAE"]
[SourceTitle "playchess.com"]
[Source "ChessBase"]
[SourceQuality "1"]
[TimeControl "5400+30"]

1. c4 Nf6 2. Nc3 g6 3. e4 d6 4. d4 Bg7 5. f4 O-O 6. Nf3 c6 7. Bd3 d5 8. e5 Ne8 9. h4 dxc4 10. Bxc4 Bg4 11. h5 gxh5 12. Qd3 Qd7 13. Ng5 Qf5 14. Qe3 Qg6 15. Bd3 Bf5 16. Be2 c5 17. Bxh5 Qc6 18. d5 Qb6 19. g4 Bc8 20. Nxh7 Kxh7 21. Bxf7+ Bh6 22. f5 Kg7 23. Rxh6 Qb4 24. Qg5+ 1-0

[Event "26th Abu Dhabi Master 2019"]
[Site "Abu Dhabi"]
[Date "2019.08.08"]
[Round "7.45"]
[White "Socko, Monika"]
[Black "Aakanksha Hagawane"]
[Result "1/2-1/2"]
[WhiteElo "2443"]
[BlackElo "2246"]
[Annotator "NA"]
[PlyCount "159"]
[EventDate "2019.08.02"]
[EventType "swiss"]
[EventCountry "UAE"]
[SourceTitle "playchess.com"]
[Source "ChessBase"]
[SourceQuality "1"]
[TimeControl "5400+30"]

1. e4 {[%emt 0:00:00]} e6 {[%emt 0:00:00]} 2. d4 {[%emt 0:00:00]} d5 {[%emt 0:00:00]} 3. e5 {[%emt 0:00:00]} c5 {[%emt 0:00:00]} 4. c3 {[%emt 0:00:00]} Nc6 {[%emt 0:00:00]} 5. Nf3 {[%emt 0:00:04]} Qb6 {[%emt 0:00:07]} 6. Be2 {[%emt 0:00:23]} Nge7 {[%emt 0:01:02]} 7. dxc5 {[%emt 0:06:28]} Qc7 {[%emt 0:00:49]} 8. b4 {[%emt 0:11:43]} Nxe5 {[%emt 0:02:13]} 9. Nxe5 {[%emt 0:02:47]} Qxe5 {[%emt 0:00:02]} 10. O-O {[%emt 0:00:16]} Bd7 {[%emt 0:03:50]} 11. Re1 {[%emt 0:01:10]} Qc7 {[%emt 0:05:48]} 12. Na3 {[%emt 0:05:30]} O-O-O {[%emt 0:17:20]} 13. Nb5 {[%emt 0:08:40]} Bxb5 {[%emt 0:00:25]} 14. Bxb5 {[%emt 0:00:03]} Ng6 {[%emt 0:02:39]} 15. a4 {[%emt 0:07:31]} Be7 {[%emt 0:03:24]} 16. a5 {[%emt 0:02:15]} a6 {[%emt 0:06:16]} 17. Bf1 {[%emt 0:05:28]} Bf6 {[%emt 0:01:10]} 18. Qb3 {[%emt 0:04:18]} Kd7 {[%emt 0:25:50]} 19. b5 {[%emt 0:02:06]} axb5 {[%emt 0:00:37]} 20. a6 {[%emt 0:03:09]} bxa6 {[%emt 0:00:56]} 21. Rxa6 {[%emt 0:00:20]} Ke7 {[%emt 0:03:23]} 22. c6 {[%emt 0:05:17]} Kf8 {[%emt 0:00:14]} 23. Be3 {[%emt 0:03:15]} Rb8 {[%emt 0:02:51]} 24. Bxb5 {[%emt 0:00:33]} d4 {[%emt 0:05:46]} 25. cxd4 {[%emt 0:06:14]} Ne7 {[%emt 0:03:27]} 26. Rea1 {[%emt 0:00:36]} g5 {[%emt 0:00:32]} 27. Qd3 {[%emt 0:06:44]} Kg7 {[%emt 0:00:46]} 28. Ba4 {[%emt 0:01:11]} Nd5 {[%emt 0:00:48]} 29. Bd2 {[%emt 0:06:23]} Nb4 {[%emt 0:00:24]} 30. Bxb4 {[%emt 0:00:01]} Rxb4 {[%emt 0:00:01]} 31. Bc2 {[%emt 0:01:39]} Rxd4 {[%emt 0:00:25]} 32. Qe2 {[%emt 0:00:02]} Rd6 {[%emt 0:01:29]} 33. Ra7 {[%emt 0:05:22]} Qxc6 {[%emt 0:00:12]} 34. Be4 {[%emt 0:03:52]} Qc3 {[%emt 0:04:59]} 35. h4 {[%emt 0:00:07]} Rd7 {[%emt 0:06:38]} 36. hxg5 {[%emt 0:02:49]} Qxa1+ {[%emt 0:00:02]} 37. Rxa1 {[%emt 0:00:06]} Bxa1 {[%emt 0:00:05]} 38. Qh5 {[%emt 0:00:50]} h6 {[%emt 0:03:21]} 39. gxh6+ {[%emt 0:00:49]} Rxh6 {[%emt 0:00:02]} 40. Qg5+ {[%emt 0:00:03]} Rg6 {[%emt 0:00:01]} 41. Bxg6 {[%emt 0:00:04]} fxg6 {[%emt 0:00:04]} 42. g4 {[%emt 0:00:27]} Bf6 {[%emt 0:01:41]} 43. Qe3 {[%emt 0:00:04]} Bd4 {[%emt 0:00:58]} 44. Qxe6 {[%emt 0:01:23]} Rf7 {[%emt 0:00:01]} 45. Kg2 {[%emt 0:00:37]} Rxf2+ {[%emt 0:00:07]} 46. Kg3 {[%emt 0:00:08]} Rf7 {[%emt 0:00:10]} 47. g5 {[%emt 0:00:36]} Bf2+ {[%emt 0:01:01]} 48. Kg4 {[%emt 0:00:07]} Bd4 {[%emt 0:00:04]} 49. Qd5 {[%emt 0:00:24]} Bb2 {[%emt 0:00:19]} 50. Qh1 {[%emt 0:00:36]} Re7 {[%emt 0:01:35]} 51. Qh2 {[%emt 0:00:43]} Be5 {[%emt 0:00:18]} 52. Qe2 {[%emt 0:00:39]} Kf8 {[%emt 0:00:57]} 53. Qe4 {[%emt 0:00:30]} Kg7 {[%emt 0:00:08]} 54. Qe3 {[%emt 0:00:13]} Kf8 {[%emt 0:00:09]} 55. Qc5 {[%emt 0:00:25]} Kf7 {[%emt 0:00:01]} 56. Kf3 {[%emt 0:00:20]} Bg7 {[%emt 0:00:25]} 57. Qd5+ {[%emt 0:00:40]} Kf8 {[%emt 0:00:31]} 58. Qc6 {[%emt 0:00:21]} Kf7 {[%emt 0:00:05]} 59. Qa6 {[%emt 0:00:02]} Re5 {[%emt 0:00:56]} 60. Qc4+ {[%emt 0:00:21]} Kf8 {[%emt 0:00:07]} 61. Qc8+ {[%emt 0:00:10]} Kf7 {[%emt 0:00:05]} 62. Qd7+ {[%emt 0:00:26]} Kf8 {[%emt 0:00:21]} 63. Kf4 {[%emt 0:00:24]} Rf5+ {[%emt 0:01:19]} 64. Kg4 {[%emt 0:00:30]} Re5 {[%emt 0:00:01]} 65. Qb7 {[%emt 0:00:15]} Kg8 {[%emt 0:00:28]} 66. Qf3 {[%emt 0:01:25]} Rf5 {[%emt 0:00:22]} 67. Qc6 {[%emt 0:00:24]} Kh7 {[%emt 0:00:24]} 68. Qe8 {[%emt 0:00:52]} Re5 {[%emt 0:00:08]} 69. Qc8 {[%emt 0:00:25]} Rf5 {[%emt 0:00:06]} 70. Qd8 {[%emt 0:01:19]} Re5 {[%emt 0:00:04]} 71. Qb8 {[%emt 0:01:37]} Rf5 {[%emt 0:00:34]} 72. Qh2+ {[%emt 0:00:04]} Kg8 {[%emt 0:00:01]} 73. Qh1 {[%emt 0:00:17]} Re5 {[%emt 0:00:41]} 74. Qb1 {[%emt 0:00:27]} Rf5 {[%emt 0:00:37]} 75. Qc2 {[%emt 0:00:17]} Kh7 {[%emt 0:00:24]} 76. Qd3 {[%emt 0:00:36]} Rf8 {[%emt 0:00:17]} 77. Qh3+ {[%emt 0:00:50]} Kg8 {[%emt 0:00:01]} 78. Qh1 {[%emt 0:00:33]} Rf5 {[%emt 0:00:03]} 79. Qe4 {[%emt 0:00:16]} Kh7 {[%emt 0:00:04]} 80. Qh1+ {[%emt 0:00:10]} 1/2-1/2

[Event "26th Abu Dhabi Master 2019"]
[Site "Abu Dhabi"]
[Date "2019.08.08"]
[Round "7.46"]
[White "Sankalp Gupta"]
[Black "Deshpande, Aniruddha"]
[Result "0-1"]
[WhiteElo "2416"]
[BlackElo "2234"]
[Annotator "NA"]
[PlyCount "88"]
[EventDate "2019.08.02"]
[EventType "swiss"]
[EventCountry "UAE"]
[SourceTitle "playchess.com"]
[Source "ChessBase"]
[SourceQuality "1"]
[TimeControl "5400+30"]

1. e4 {[%emt 0:00:48]} c6 {[%emt 0:00:00]} 2. Nc3 {[%emt 0:00:11]} d5 {[%emt 0:00:00]} 3. Nf3 {[%emt 0:00:02]} Bg4 {[%emt 0:00:34]} 4. Be2 {[%emt 0:00:04]} e6 {[%emt 0:00:51]} 5. d4 {[%emt 0:00:09]} Nf6 {[%emt 0:08:05]} 6. h3 {[%emt 0:00:26]} Bh5 {[%emt 0:07:14]} 7. e5 {[%emt 0:00:02]} Nfd7 {[%emt 0:01:03]} 8. g4 {[%emt 0:02:13]} Bg6 {[%emt 0:00:07]} 9. h4 {[%emt 0:00:03]} c5 {[%emt 0:04:44]} 10. dxc5 {[%emt 0:14:27]} Nc6 {[%emt 0:01:52]} 11. Be3 {[%emt 0:20:21]} h5 {[%emt 0:02:14]} 12. gxh5 {[%emt 0:07:23]} Bxh5 {[%emt 0:00:29]} 13. Nd4 {[%emt 0:04:14]} Bxe2 {[%emt 0:09:18]} 14. Qxe2 {[%emt 0:01:20]} Bxc5 {[%emt 0:00:12]} 15. O-O-O {[%emt 0:01:30]} Bxd4 {[%emt 0:04:48]} 16. Bxd4 {[%emt 0:01:18]} Rxh4 {[%emt 0:02:00]} 17. Rxh4 {[%emt 0:04:05]} Qxh4 {[%emt 0:01:21]} 18. Nb5 {[%emt 0:00:07]} Kf8 {[%emt 0:01:25]} 19. Qe3 g6 {[%emt 0:19:46]} 20. Nd6 {[%emt 0:11:20]} b6 {[%emt 0:01:47]} 21. Bc3 {[%emt 0:08:23]} Ke7 {[%emt 0:06:28]} 22. f4 {[%emt 0:01:52]} Rh8 {[%emt 0:00:57]} 23. Be1 {[%emt 0:02:13]} Qg4 {[%emt 0:00:58]} 24. Bg3 {[%emt 0:10:18]} Rh3 {[%emt 0:02:14]} 25. Rg1 {[%emt 0:00:03]} Nc5 {[%emt 0:00:44]} 26. a4 {[%emt 0:01:38]} Kf8 {[%emt 0:01:22]} 27. a5 {[%emt 0:00:55]} d4 {[%emt 0:08:49]} 28. Qf2 {[%emt 0:02:29]} Nb4 {[%emt 0:01:56]} 29. Kb1 {[%emt 0:02:40]} Nd5 {[%emt 0:00:36]} 30. axb6 {[%emt 0:03:34]} axb6 {[%emt 0:00:02]} 31. Qg2 {[%emt 0:00:08]} Kg8 {[%emt 0:03:57]} 32. Ka1 {[%emt 0:00:25]} d3 {[%emt 0:01:23]} 33. cxd3 {[%emt 0:00:47]} Nxd3 {[%emt 0:01:13]} 34. Ne4 {[%emt 0:00:57]} N3xf4 {[%emt 0:01:25]} 35. Qc2 {[%emt 0:00:33]} Kg7 {[%emt 0:00:29]} 36. Nf6 {[%emt 0:00:18]} Qe2 {[%emt 0:01:28]} 37. Qc8 {[%emt 0:00:22]} Rh8 {[%emt 0:01:28]} 38. Ne8+ {[%emt 0:00:10]} Rxe8 {[%emt 0:02:23]} 39. Qxe8 {[%emt 0:00:02]} Nd3 {[%emt 0:00:26]} 40. Rb1 {[%emt 0:00:41]} N5b4 {[%emt 0:00:16]} 41. Qd8 {[%emt 0:00:44]} Nc2+ {[%emt 0:02:04]} 42. Ka2 {[%emt 0:00:01]} Ndb4+ {[%emt 0:00:24]} 43. Kb3 {[%emt 0:00:01]} Qf3+ {[%emt 0:00:15]} 44. Ka4 {[%emt 0:00:13]} b5+ {[%emt 0:00:32]} 0-1

[Event "26th Abu Dhabi Master 2019"]
[Site "Abu Dhabi"]
[Date "2019.08.08"]
[Round "7.47"]
[White "Raja Rithvik R"]
[Black "Srihari L R"]
[Result "1/2-1/2"]
[WhiteElo "2357"]
[BlackElo "2227"]
[Annotator "NA"]
[PlyCount "35"]
[EventDate "2019.08.02"]
[EventType "swiss"]
[EventCountry "UAE"]
[SourceTitle "playchess.com"]
[Source "ChessBase"]
[SourceQuality "1"]
[TimeControl "5400+30"]

1. c4 {[%emt 0:00:00]} d6 {[%emt 0:01:19]} 2. d4 {[%emt 0:00:04]} e5 {[%emt 0:00:07]} 3. Nc3 {[%emt 0:00:04]} exd4 {[%emt 0:01:23]} 4. Qxd4 {[%emt 0:00:06]} Nc6 {[%emt 0:00:06]} 5. Qd2 {[%emt 0:00:03]} Nf6 {[%emt 0:00:26]} 6. b3 {[%emt 0:00:25]} a5 {[%emt 0:00:24]} 7. Bb2 {[%emt 0:00:12]} a4 {[%emt 0:00:06]} 8. Nd5 {[%emt 0:08:02]} Be7 {[%emt 0:22:05]} 9. Nf3 {[%emt 0:19:08]} Be6 {[%emt 0:08:58]} 10. e3 {[%emt 0:16:32]} Ne5 {[%emt 0:28:47]} 11. Nxe7 {[%emt 0:14:30]} Qxe7 {[%emt 0:07:56]} 12. Be2 {[%emt 0:02:26]} a3 {[%emt 0:01:11]} 13. Bd4 {[%emt 0:08:00]} Ne4 {[%emt 0:01:37]} 14. Qc1 {[%emt 0:02:31]} c5 {[%emt 0:06:31]} 15. Bc3 {[%emt 0:09:03]} Qf6 {[%emt 0:02:41]} 16. Bxe5 {[%emt 0:00:02]} dxe5 {[%emt 0:00:06]} 17. O-O {[%emt 0:00:09]} Bg4 {[%emt 0:04:50]} 18. h3 {[%emt 0:09:09]} 1/2-1/2

[Event "26th Abu Dhabi Master 2019"]
[Site "Abu Dhabi"]
[Date "2019.08.08"]
[Round "7.48"]
[White "Divya Deshmukh"]
[Black "Pujari, Rucha"]
[Result "1-0"]
[WhiteElo "2373"]
[BlackElo "2268"]
[Annotator "NA"]
[PlyCount "69"]
[EventDate "2019.08.02"]
[EventType "swiss"]
[EventCountry "UAE"]
[SourceTitle "playchess.com"]
[Source "ChessBase"]
[SourceQuality "1"]
[TimeControl "5400+30"]

1. e4 {[%emt 0:00:00]} e5 {[%emt 0:01:36]} 2. Nf3 {[%emt 0:00:00]} Nc6 {[%emt 0:00:23]} 3. Bb5 {[%emt 0:00:00]} a6 {[%emt 0:00:08]} 4. Ba4 {[%emt 0:00:00]} Nf6 {[%emt 0:00:06]} 5. O-O {[%emt 0:00:00]} Be7 {[%emt 0:00:17]} 6. Re1 {[%emt 0:00:03]} b5 {[%emt 0:00:05]} 7. Bb3 {[%emt 0:00:03]} O-O {[%emt 0:00:19]} 8. h3 {[%emt 0:00:04]} d6 {[%emt 0:01:12]} 9. c3 {[%emt 0:00:05]} Nb8 {[%emt 0:00:09]} 10. d4 {[%emt 0:00:04]} Nbd7 {[%emt 0:00:06]} 11. c4 {[%emt 0:00:04]} c6 {[%emt 0:00:20]} 12. Nc3 {[%emt 0:00:05]} b4 {[%emt 0:00:12]} 13. Ne2 {[%emt 0:00:05]} Nxe4 {[%emt 0:07:54]} 14. Qc2 {[%emt 0:00:05]} f5 {[%emt 0:04:13]} 15. c5+ {[%emt 0:00:05]} d5 {[%emt 0:01:27]} 16. Be3 {[%emt 0:00:07]} Bf6 {[%emt 0:09:14]} 17. dxe5 {[%emt 0:10:59]} Nxe5 {[%emt 0:01:04]} 18. Nfd4 {[%emt 0:00:45]} a5 {[%emt 0:22:46]} 19. Nf4 {[%emt 0:09:55]} Qd7 {[%emt 0:11:38]} 20. Rad1 {[%emt 0:22:24]} a4 {[%emt 0:10:12]} 21. Bxa4 {[%emt 0:02:46]} Nxc5 {[%emt 0:04:38]} 22. Bxc6 {[%emt 0:14:35]} Nxc6 {[%emt 0:00:42]} 23. Nxc6 {[%emt 0:06:43]} Qxc6 {[%emt 0:02:21]} 24. Qxc5 {[%emt 0:01:13]} Bb7 {[%emt 0:12:47]} 25. Nxd5 {[%emt 0:00:40]} f4 {[%emt 0:01:17]} 26. Qxc6 {[%emt 0:01:46]} Bxc6 {[%emt 0:00:02]} 27. Bc5 {[%emt 0:00:08]} Rfb8 {[%emt 0:02:55]} 28. Nxf6+ {[%emt 0:02:52]} gxf6 {[%emt 0:00:03]} 29. Rd6 {[%emt 0:00:24]} Bb7 {[%emt 0:05:00]} 30. Rxf6 {[%emt 0:00:33]} f3 {[%emt 0:00:19]} 31. gxf3 {[%emt 0:00:17]} Rxa2 {[%emt 0:00:05]} 32. Kh2 {[%emt 0:00:27]} Rd8 {[%emt 0:01:37]} 33. Rg1+ {[%emt 0:00:09]} Kh8 {[%emt 0:00:02]} 34. Rf8+ {[%emt 0:00:02]} Rxf8 {[%emt 0:00:15]} 35. Bd4+ {[%emt 0:00:02]} 1-0